Loading...
Literature - European Literature | 1 | 2 | 0 | 1 | 35 | 71 | 118.33 | 0 | 1 |
Fine Arts - Auditory Fine Arts | 1 | 1 | 0 | 0 | 25 | 33 | 61.00 | 1 | 2 |
Beliefs | 1 | 1 | 0 | 0 | 25 | 72 | 111.00 | 0 | 2 |
Fine Arts - Visual Fine Arts | 0 | 2 | 0 | 1 | 20 | 132 | 134.00 | 0 | 0 |
Other Arts: Auditory | 1 | 0 | 0 | 0 | 15 | 35 | 35.00 | 1 | 1 |
Other Academic | 0 | 1 | 0 | 0 | 10 | 107 | 107.00 | 0 | 1 |
Social Science | 0 | 1 | 0 | 0 | 10 | 99 | 99.00 | 0 | 0 |
British and Commonwealth History | 0 | 1 | 0 | 0 | 10 | 70 | 70.00 | 0 | 1 |
Geography | 0 | 1 | 0 | 1 | 10 | 137 | 137.00 | 0 | 1 |
History - American History | 0 | 1 | 0 | 0 | 10 | 81 | 81.00 | 0 | 1 |
History - European History | 0 | 1 | 0 | 0 | 10 | 111 | 111.00 | 0 | 0 |
Other Science: Math | 0 | 0 | 0 | 0 | 0 | 0.00 | 0 | 0 | |
Ancient History and Archaeology | 0 | 0 | 1 | 0 | -5 | 0.00 | 0 | 0 |